000 00710nam a22002297a 4500
003 UA-OsUOA
001 70763
007 ta
008 20100915b un ||||| |||| 00| 0 ukr d
100 _aКрючкова І.В.
700 _aПопельнюхов Р.В.
090 _a330(477)
_bК85
942 _cSA
040 _aUA-OsUOA
_bukr
_cUA-OsUOA
_dUA-OsUOA
245 _aВплив фінансово-економічної кризи на інвестиційну діяльність в Україні
300 _aС.15-24
955 _a0
041 _aukr
080 _a330(477)
773 0 _w70761
_tФінанси України
_dК.
_d2010
_g8
650 7 _a330 Економіка взагалі
_2UDC
999 _c357039
_d357039